Televisión y enseñanza media en México : el sistema nacional de telesecundaria. Volumen 4.
Guardat en:
| Autor principal: | |
|---|---|
| Altres autors: | , |
| Format: | Llibre |
| Idioma: | espanyol |
| Col·lecció: | (Grupo de Estudios sobre el Financiamiento de la Educación ;
no. 14) |
| Matèries: | |
| Etiquetes: |
Sense etiquetes, Sigues el primer a etiquetar aquest registre!
|
MARC
| LEADER | 00000cam^a2200000uu^4500 | ||
|---|---|---|---|
| 001 | 000493994 | ||
| 005 | 20250521000000.0 | ||
| 008 | 040503s1981^^^^^^^^^^^^rd^r^^000^0^spa^d | ||
| 009 | 20260310125515.621 | ||
| 022 | |a 9688009075 | ||
| 035 | |a FCE 000037375 | ||
| 035 | |a FCE 037421 | ||
| 037 | |a Acervo ITESO - Biblioteca | ||
| 041 | |a spa | ||
| 082 | 0 | 4 | |a 082.370 |b GEFE 14 v.4 |
| 100 | |a Esteinou Madrid, Javier |e (autor) | ||
| 245 | 1 | 0 | |a Televisión y enseñanza media en México : |b el sistema nacional de telesecundaria. Volumen 4. |
| 264 | |a México : |b GEFE : SEP : SHCP : SPP, |c 1981. | ||
| 300 | |a 300 p. | ||
| 336 | |a texto |b txt |2 rdacontenido | ||
| 337 | |a sin mediación |b n |2 rdamedio | ||
| 338 | |a volumen |b nc |2 rdasoporte | ||
| 440 | 0 | |a (Grupo de Estudios sobre el Financiamiento de la Educación ; |v no. 14) | |
| 596 | |a Contenido: La contribución de los medios de comunicación en el proceso de reproducción de la calificación de la fuerza de trabajo. Evaluación del aprovechamiento escolar en telesecundaria. Recomendaciones generales de los estudios sobre televisión y enseñanza media en México. El Sistema Nacional de Telesecundaria. | ||
| 649 | |a XX | ||
| 650 | |a Medios de comunicación | ||
| 650 | |a Televisión educativa | ||
| 650 | |a Educación media | ||
| 650 | |a Fuerza de trabajo | ||
| 650 | |a Telesecundaria | ||
| 650 | |a Educación secundaria | ||
| 650 | |a México | ||
| 700 | |a Weitzner de Shwedel, Esther J. |e (autor) | ||
| 700 | |a Fonseca Tortos, Ma. de los Angeles |e (autor) | ||
| 910 | |a Fondo Centro de Estudios Educativos | ||
| 920 | |a Impresos - Libros | ||
| 930 | |a Fondos Especiales | ||
| 905 | |a 133 | ||
| 901 | |a ALE037421 |b IT2 |c CEE |u 20250521 | ||
| 901 | |a ALE047154 |b IT2 |c CEE |u 20250521 | ||
| 902 | |a https://opac.biblio.iteso.mx/vufind/Record/000493994 | ||